| 000 | 01756nam a22002657a 4500 | ||
|---|---|---|---|
| 003 | Uzh_bibl | ||
| 008 | 260414b |||||||| |||| 00| 0 ukr d | ||
| 020 |
_a966-02-2682-9 _c101.50 |
||
| 040 | _bукр. | ||
| 041 |
_2ukr _aukr |
||
| 080 | _a30(477) | ||
| 090 |
_a30(477) _bЕ64 |
||
| 100 | _a- | ||
| 245 |
_aЕнциклопедія Сучасної України _bТ. 3: Біо - Бя. _cкорект. Т.Берзюк, І.Журило та ін; іл. Р.Кацалам; обкл. В.Єрмак. та ін. _hТекст |
||
| 260 |
_aКиїв _b2004 _cТОВ "Твори" |
||
| 300 |
_a695 с. _bіл. _fВ опр. |
||
| 490 | _vТ. 3 | ||
| 520 | _aЕнциклопедія Сучасної України - перше багатотомне видання про Україну всіх вимірах від початку 20 століття до сьогодення. Енциклопедія подає цілісний образ новітньої України в подіях, інституціях, установах, родах діяльності, поняттях, особах. Охоплює всі сфери життя в Україна, відображає сучасні погляди на історичні події та постаті. У третьому томі подано 3155 гасел,2366 чорно-білих та 274 кольорових ілюстрацій, 19 карт. | ||
| 521 | _aДля широкого кола читачів | ||
| 546 | _aукр. | ||
| 650 | _aДовідкове видання | ||
| 655 |
_aНауково-популярне видання _vЕнциклопедія |
||
| 700 | _aІ.Дзюба, А.Жуковський, М.Железняк та ін. | ||
| 942 |
_2udc _cBK |
||
| 999 |
_c17315 _d17315 |
||